[Event "CHN-ch U16 Girls"]
[Site "Shanghai"]
[Date "2024.02.19"]
[Round "8"]
[White "Pian, Junyao"]
[Black "Li, Siyao"]
[Result "1/2-1/2"]
[WhiteElo "1497"]
[BlackElo "1398"]
[PlyCount "78"]
[EventDate "2024.02.16"]
[EventType "swiss"]
[EventRounds "11"]
[EventCountry "CHN"]
[SourceTitle "CB09_2024"]
[SourceDate "2024.02.28"]
[SourceVersion "1"]
[SourceVersionDate "2024.02.28"]
[SourceQuality "1"]

1. e4 e5 2. Nf3 Nc6 3. Bb5 a6 4. Ba4 Nf6 5. 0-0 Be7 6. Re1 b5 7. Bb3 d6 8. c3 Na5 9. Bc2 c5 10. d4 cxd4 11. cxd4 Qc7 12. h3 0-0 13. Nbd2 Bd7 14. Nf1 Rfc8 15. Ne3 Bf8 16. b3 Bc6 17. Nf5 Bd7 18. Re2 Re8 19. dxe5 dxe5 20. Bb2 Nc6 21. a3 g6 22. Ne3 Bg7 23. Nd5 Qb7 24. Qd2 Be6 25. Nxe5 Nxe5 26. Bxe5 Nxd5 27. Bxg7 Kxg7 28. exd5 Bxd5 29. f3 Rxe2 30. Qxe2 Qb6+ 31. Kh1 Qe6 32. Qd2 Rc8 33. Re1 Rxc2 34. Qd4+ Qf6 35. Qxd5 Qc3 36. Re7 Rc1+ 37. Kh2 Qf6 38. Re4 Rc2 39. a4 Qxf3 1/2-1/2

[Event "CHN-ch U16 Girls"]
[Site "Shenzhen"]
[Date "2023.07.31"]
[Round "7"]
[White "Pian, Junyao"]
[Black "Li, Yingxuan"]
[Result "0-1"]
[WhiteElo "1522"]
[BlackElo "1573"]
[PlyCount "142"]
[EventDate "2023.07.28"]
[EventType "swiss"]
[EventRounds "11"]
[EventCountry "CHN"]
[SourceTitle "CBM 215 Extra"]
[Source "ChessBase"]
[SourceDate "2023.09.30"]
[SourceVersion "1"]
[SourceVersionDate "2023.09.30"]
[SourceQuality "1"]

1. e4 c6 2. Nc3 d5 3. Nf3 dxe4 4. Nxe4 Nf6 5. Qe2 Nxe4 6. Qxe4 Nd7 7. d4 Nf6 8. Qd3 Bg4 9. Ne5 Bh5 10. c3 e6 11. Bf4 Be7 12. h3 0-0 13. Be2 Bxe2 14. Qxe2 c5 15. dxc5 Bxc5 16. 0-0 Qe7 17. Bg5 Rfd8 18. Ng4 Rd5 19. h4 h5 20. c4 Rd4 21. Ne5 Qc7 22. Nf3 Rxc4 23. Rac1 Rxc1 24. Rxc1 Qb6 25. Ne5 Ng4 26. Nxg4 hxg4 27. Qxg4 Bxf2+ 28. Kh1 Qxb2 29. Rf1 Bd4 30. h5 Qb5 31. Qf4 f6 32. Bh4 Be3 33. Qf3 Bg5 34. Bxg5 Qxg5 35. Qxb7 Qxh5+ 36. Kg1 Qd5 37. Qa6 Qd4+ 38. Kh1 Qh4+ 39. Kg1 Qd4+ 40. Kh1 Qb6 41. Qd3 Rd8 42. Qg6 Qe3 43. Qc2 Rd5 44. Qg6 Qe2 45. Rf3 Qe1+ 46. Kh2 Qe5+ 47. Rg3 Qh5+ 48. Qxh5 Rxh5+ 49. Kg1 Ra5 50. a3 Ra4 51. Kf2 Kf7 52. Rb3 e5 53. Ke3 f5 54. g3 Ke6 55. Kd3 g5 56. Ke3 f4+ 57. gxf4 gxf4+ 58. Kf3 Kf5 59. Rc3 e4+ 60. Ke2 Kg4 61. Kf2 e3+ 62. Ke2 Rd4 63. Rc7 Rd2+ 64. Ke1 f3 65. Rg7+ Kh3 66. Rh7+ Kg2 67. Rg7+ Kh1 68. Rh7+ Kg1 69. Rg7+ Rg2 70. Rf7 f2+ 71. Ke2 f1Q+ 0-1

[Event "CHN-ch U16 Girls"]
[Site "Shenzhen"]
[Date "2023.07.30"]
[Round "5"]
[White "Pian, Junyao"]
[Black "He, Xuanyue"]
[Result "1-0"]
[WhiteElo "1522"]
[BlackElo "1409"]
[PlyCount "40"]
[EventDate "2023.07.28"]
[EventType "swiss"]
[EventRounds "11"]
[EventCountry "CHN"]
[SourceTitle "CBM 215 Extra"]
[Source "ChessBase"]
[SourceDate "2023.09.30"]
[SourceVersion "1"]
[SourceVersionDate "2023.09.30"]
[SourceQuality "1"]

1. e4 c5 2. Nf3 e6 3. d4 cxd4 4. Nxd4 Nf6 5. Bd3 Nc6 6. Nxc6 bxc6 7. c4 d5 8. cxd5 cxd5 9. Bb5+ Bd7 10. Bxd7+ Qxd7 11. e5 Ne4 12. 0-0 Bc5 13. Qg4 0-0 14. Nd2 f5 15. exf6 Nxf6 16. Qe2 Rae8 17. Nb3 Bb6 18. Be3 e5 19. Bc5 Rf7 20. a4 d4 1-0

[Event "CHN-chT (Women)"]
[Site "Hangzhou"]
[Date "2023.05.26"]
[Round "8.2"]
[White "Pian, Junyao"]
[Black "Ren, Xiaoyi"]
[Result "0-1"]
[WhiteElo "1484"]
[BlackElo "2078"]
[PlyCount "98"]
[EventDate "2023.05.19"]
[EventType "team-swiss"]
[EventRounds "9"]
[EventCountry "CHN"]
[SourceTitle "CBM 214 Extra"]
[Source "ChessBase"]
[SourceDate "2023.07.31"]
[SourceVersion "1"]
[SourceVersionDate "2023.07.31"]
[SourceQuality "1"]
[WhiteTeam "Heilongjiang (W)"]
[BlackTeam "Chengdu (W)"]
[WhiteTeamCountry "CHN"]
[BlackTeamCountry "CHN"]

1. e4 e5 2. Nf3 Nf6 3. Nxe5 d6 4. Nf3 Nxe4 5. d4 d5 6. Bd3 Nc6 7. h3 Be7 8. 0-0 0-0 9. Re1 Bf5 10. Nbd2 Nd6 11. Bxf5 Nxf5 12. Nb3 Bd6 13. Qd3 Qf6 14. Bg5 Qg6 15. g4 Nfe7 16. Qxg6 Nxg6 17. h4 Nb4 18. h5 Nf4 19. Be7 Nxc2 20. Bxf8 Kxf8 21. Rac1 Nxe1 22. Rxe1 Re8 23. Ne5 f6 24. Nd7+ Kf7 25. Rxe8 Kxe8 26. h6 Bf8 27. Nxf8 Kxf8 28. hxg7+ Kxg7 29. Nc5 b6 30. Na6 c6 31. Kf1 Ne6 32. Ke2 Nxd4+ 33. Kd3 Ne6 34. b4 Kg6 35. Ke3 Kg5 36. f3 f5 37. Nb8 c5 38. gxf5 Kxf5 39. Nc6 d4+ 40. Kd3 h5 41. b5 h4 42. Ne7+ Kg5 43. Nd5 Nf4+ 44. Nxf4 Kxf4 45. Ke2 c4 46. a4 d3+ 47. Kf2 c3 48. Ke1 Kxf3 49. Kd1 h3 0-1

[Event "CHN-chT (Women)"]
[Site "Hangzhou"]
[Date "2023.05.25"]
[Round "7.2"]
[White "Li, Yunshan"]
[Black "Pian, Junyao"]
[Result "1-0"]
[WhiteElo "2294"]
[BlackElo "1484"]
[PlyCount "85"]
[EventDate "2023.05.19"]
[EventType "team-swiss"]
[EventRounds "9"]
[EventCountry "CHN"]
[SourceTitle "CBM 214 Extra"]
[Source "ChessBase"]
[SourceDate "2023.07.31"]
[SourceVersion "1"]
[SourceVersionDate "2023.07.31"]
[SourceQuality "1"]
[WhiteTeam "Beijing (W)"]
[BlackTeam "Heilongjiang (W)"]
[WhiteTeamCountry "CHN"]
[BlackTeamCountry "CHN"]

1. d4 d5 2. c4 c6 3. cxd5 cxd5 4. Bf4 Nc6 5. e3 Nf6 6. Nc3 Bf5 7. Qb3 Qd7 8. Nf3 e6 9. Ne5 Qc8 10. Bb5 Nd7 11. g4 Bg6 12. Nxg6 hxg6 13. Rc1 a6 14. Bxc6 Qxc6 15. 0-0 Be7 16. Ne4 Qb6 17. Qxb6 Nxb6 18. Nc5 Bxc5 19. Rxc5 Nc4 20. b3 Nd2 21. Rfc1 0-0 22. Rc7 b5 23. Kg2 Ne4 24. f3 Nf6 25. R1c6 a5 26. Rb7 Rfc8 27. Rc5 a4 28. Rbxb5 axb3 29. Rxc8+ Rxc8 30. axb3 Kf8 31. Rb7 Ke8 32. b4 Nd7 33. Bc7 Nf6 34. Kf2 Kd7 35. Be5+ Ke8 36. b5 Rc2+ 37. Kg3 Re2 38. Bxf6 gxf6 39. b6 Rxe3 40. Rc7 Rb3 41. b7 Kd8 42. Rc8+ Kd7 43. b8Q 1-0

[Event "CHN-chT (Women)"]
[Site "Hangzhou"]
[Date "2023.05.22"]
[Round "4.2"]
[White "Ning, Duan"]
[Black "Pian, Junyao"]
[Result "0-1"]
[WhiteElo "1498"]
[BlackElo "1484"]
[PlyCount "100"]
[EventDate "2023.05.19"]
[EventType "team-swiss"]
[EventRounds "9"]
[EventCountry "CHN"]
[SourceTitle "CBM 214 Extra"]
[Source "ChessBase"]
[SourceDate "2023.07.31"]
[SourceVersion "1"]
[SourceVersionDate "2023.07.31"]
[SourceQuality "1"]
[WhiteTeam "Guangdong (W)"]
[BlackTeam "Heilongjiang (W)"]
[WhiteTeamCountry "CHN"]
[BlackTeamCountry "CHN"]

1. d4 d5 2. Nf3 Nf6 3. Bf4 c5 4. e3 Nc6 5. Nbd2 Bf5 6. c3 e6 7. h3 Bd6 8. Bxd6 Qxd6 9. Nh4 Be4 10. Nxe4 Nxe4 11. Bd3 Nf6 12. 0-0 0-0 13. Qe2 c4 14. Bc2 b5 15. a3 a5 16. Nf3 b4 17. axb4 axb4 18. Ba4 Rfb8 19. Bxc6 Qxc6 20. Ne5 Qb5 21. cxb4 g6 22. b3 Rxa1 23. Rxa1 cxb3 24. Qf3 Kg7 25. Rb1 Qa4 26. Nd3 Rc8 27. Qe2 Rc2 28. Qe1 Ne4 29. Rd1 b2 30. f3 Nc3 31. Nxb2 Rxb2 32. Ra1 Qc2 33. Qf1 Ne2+ 34. Kh2 Rxb4 35. h4 Rb3 36. Qf2 Nxd4 37. Qf1 Rxe3 38. Kh1 Nf5 39. Kg1 Re2 40. Rc1 Qd2 41. Rd1 Qe3+ 42. Kh2 Qf4+ 43. Kg1 Ng3 44. Qxe2 Nxe2+ 45. Kf2 Nd4 46. Rh1 Nf5 47. g4 Qg3+ 48. Kf1 Qxf3+ 49. Kg1 Ne3 50. Rh2 Qf1# 0-1

[Event "CHN-chT Div-B"]
[Site "Hainan"]
[Date "2023.02.10"]
[Round "7"]
[White "Pian, Junyao"]
[Black "Wu, Shuang"]
[Result "1-0"]
[WhiteElo "1500"]
[BlackElo "1431"]
[PlyCount "53"]
[EventDate "2023.02.06"]
[EventType "team-tourn"]
[EventRounds "9"]
[EventCountry "CHN"]
[SourceTitle "CBM 213 Extra"]
[Source "ChessBase"]
[SourceDate "2023.05.31"]
[SourceVersion "1"]
[SourceVersionDate "2023.05.31"]
[SourceQuality "1"]
[WhiteTeam "Ningbo Huangli School"]
[BlackTeam "Heilongjiang Provincial Social Sports"]
[WhiteTeamCountry "CHN"]
[BlackTeamCountry "CHN"]

1. e4 c5 2. Nf3 g6 3. d4 cxd4 4. Nxd4 Bg7 5. Nc3 Nc6 6. Be3 Nf6 7. f3 d6 8. Qd2 Bd7 9. 0-0-0 a6 10. h4 h5 11. Be2 b5 12. Nxc6 Bxc6 13. Nd5 Nxd5 14. exd5 Bd7 15. g4 Qc8 16. Bd4 Kf8 17. Rdg1 Qb7 18. Bxg7+ Kxg7 19. Qd4+ f6 20. Bd3 Be8 21. gxh5 Rxh5 22. Bxg6 Bxg6 23. Rxg6+ Kf7 24. Rhg1 Rf8 25. Qg4 Rhh8 26. Rxf6+ exf6 27. Qe6# 1-0

[Event "CHN-chB (Women)"]
[Site "Qiziwan"]
[Date "2023.01.30"]
[Round "2"]
[White "Pian, Junyao"]
[Black "Liu, Manli"]
[Result "0-1"]
[WhiteElo "1500"]
[BlackElo "2192"]
[PlyCount "88"]
[EventDate "2023.01.30"]
[EventType "swiss"]
[EventRounds "11"]
[EventCountry "CHN"]
[SourceTitle "CBM 212 Extra"]
[Source "ChessBase"]
[SourceDate "2023.03.31"]
[SourceVersion "1"]
[SourceVersionDate "2023.03.31"]
[SourceQuality "1"]

1. e4 c5 2. Nf3 e6 3. d4 cxd4 4. Nxd4 Nc6 5. Nc3 Qc7 6. Be3 a6 7. Qd2 b5 8. f3 Bb7 9. 0-0-0 Nf6 10. g4 Nxd4 11. Qxd4 h6 12. Be2 Rc8 13. Qb6 Qxb6 14. Bxb6 b4 15. Nb1 Bc5 16. Bxc5 Rxc5 17. Rd4 a5 18. Nd2 Ke7 19. Nb3 Re5 20. Rhd1 Rb8 21. Nd2 g5 22. Nc4 Rc5 23. Nd6 Bc6 24. Rc4 Rxc4 25. Bxc4 Ne8 26. Nxe8 Rxe8 27. Kd2 Rh8 28. Ke3 h5 29. h3 hxg4 30. hxg4 Rh3 31. Be2 Kf6 32. Kd4 Rh2 33. Bd3 d6 34. Rf1 Ke7 35. Re1 Ba4 36. b3 Bc6 37. Rf1 Kf6 38. Re1 Rh3 39. Rf1 Bd7 40. Rf2 Ke7 41. Rf1 e5+ 42. Kd5 Rh8 43. Ba6 Ra8 44. Bb7 Ra7 0-1